| 000 | 00571nam a22001817a 4500 | ||
|---|---|---|---|
| 008 | 161008b xxu||||| |||| 00| 0 eng d | ||
| 020 | _a0816039070 | ||
| 020 | _a0816039089 | ||
| 050 |
_aREF QH 302.5 _b.F38 1999 |
||
| 100 | _aHine, Robert | ||
| 245 |
_aThe facts on file dictionary of biology/ _cRobert Hine. |
||
| 250 | _a3rd ed. | ||
| 260 |
_aNew York : _bFacts on file ; _cc1999. |
||
| 300 |
_a361p. : _bill. ; |
||
| 500 | _aIncludes appendix. | ||
| 650 |
_aBiology _xdictionaries. |
||
| 942 |
_2lcc _cBOOKS _hREF QH 302.5 .F38 1999 |
||
| 999 |
_c14804 _d14804 |
||